Keterangan Pemerintah kepada sidang pleno D. P. R. tanggal 16 Desember 1959 mengenai keamanan; (Record no. 62577)

MARC details
000 -LEADER
fixed length control field 00771cam a22002291 4500
001 - CONTROL NUMBER
control field sa 65002315
003 - CONTROL NUMBER IDENTIFIER
control field DLC
005 - DATE AND TIME OF LATEST TRANSACTION
control field 20260227112116.0
008 - FIXED-LENGTH DATA ELEMENTS--GENERAL INFORMATION
fixed length control field 890622q io 000 0 dut
010 ## - LIBRARY OF CONGRESS CONTROL NUMBER
LC control number sa 65002315
035 ## - SYSTEM CONTROL NUMBER
System control number (OCoLC)23418591
040 ## - CATALOGING SOURCE
Original cataloging agency DLC
Transcribing agency MiU
Modifying agency DLC
042 ## - AUTHENTICATION CODE
Authentication code premarc
043 ## - GEOGRAPHIC AREA CODE
Geographic area code a-io---
050 00 - LIBRARY OF CONGRESS CALL NUMBER
Classification number UA853.I5
Item number A524
110 1# - MAIN ENTRY--CORPORATE NAME
Corporate name or jurisdiction name as entry element Indonesia.
Subordinate unit Departemen Pertahanan.
245 10 - TITLE STATEMENT
Title Keterangan Pemerintah kepada sidang pleno D. P. R. tanggal 16 Desember 1959 mengenai keamanan;
Statement of responsibility, etc. diutjapkan oleh Menteri Keamanan/Pertahanan Letnan Djenderal A. H. Nasution.
260 ## - PUBLICATION, DISTRIBUTION, ETC.
Place of publication, distribution, etc. [Djakarta]
Name of publisher, distributor, etc. Departemen Penerangan
Date of publication, distribution, etc. [cover 1959]
300 ## - PHYSICAL DESCRIPTION
Extent 109 p.
Dimensions 23 cm.
651 #0 - SUBJECT ADDED ENTRY--GEOGRAPHIC NAME
Geographic name Indonesia
General subdivision Defenses.
700 1# - ADDED ENTRY--PERSONAL NAME
Personal name Nasution, Abdul Haris,
Dates associated with a name 1918-2000.

No items available.

Powered by Koha